[Event "Tilburg"]
[Site "Tilburg"]
[Date "1987.??.??"]
[Round "?"]
[White "Ljubojevic, Ljubomir"]
[Black "Andersson, Ulf"]
[Result "1/2-1/2"]
[WhiteElo "2625"]
[BlackElo "2600"]

1.e4 c5 2.Nf3 e6 3.d4 cxd4 4.Nxd4 Nf6 5.Nc3 d6 6.g4 h6 7.g5 hxg5 8.Bxg5 Nc6
9.Qd2 Qb6 10.Nb3 a6 11.O-O-O Qc7 12.Kb1 Bd7 13.h4 Be7 14.f4 O-O-O 15.Be2 Kb8
16.h5 Bc8 17.Bf3 Ng8 18.Rhg1 Rh7 19.a3 Bxg5 20.Rxg5 Nge7 21.Rdg1 g6 22.hxg6 Nxg6
23.Rh5 Rdh8 24.Rgg5 Nge7 25.Nd4 Rxh5 26.Rxh5 Rxh5 27.Bxh5 Nxd4 28.Qxd4 f5
29.Qf6 fxe4 30.Nxe4 Nf5 31.Bg6 Qc4 32.Bxf5 Qf1+ 33.Ka2 Qc4+ 34.b3 Qxc2+ 35.Qb2 Qxb2+
36.Kxb2 exf5 37.Nxd6 Be6 38.Kc3 Kc7 39.Ne8+ Kc6 40.b4 Ba2 41.Kd4 Bb1 42.Ke5  1/2-1/2

[Event "Tilburg"]
[Site "Tilburg"]
[Date "1987.??.??"]
[Round "?"]
[White "Timman, Jan H"]
[Black "Ljubojevic, Ljubomir"]
[Result "1-0"]
[WhiteElo "2630"]
[BlackElo "2625"]

1.d4 Nf6 2.c4 e6 3.Nf3 d5 4.Bg5 Nbd7 5.Nc3 h6 6.Bh4 Bb4 7.e3 g5 8.Bg3 Ne4
9.Qb3 c5 10.Bd3 dxc4 11.Bxc4 g4 12.Nh4 Nb6 13.Rd1 Nxc4 14.Qxc4 Bxc3+ 15.bxc3 Qd5
16.Qd3 cxd4 17.O-O Nxc3 18.Rc1 b5 19.exd4 b4 20.Rfe1 Bb7 21.a3 a5 22.Re5 Qc6
23.Rce1 Nd5 24.Qf5 Ne7 25.Qh5 Kf8 26.Rc5 Qb6 27.Bc7 Qa6 28.Rxa5 Qc4 29.Rxa8+ Bxa8
30.Qa5 Bb7 31.Bd6 Ke8 32.Qe5 Rg8 33.Bxe7  1-0

[Event "Tilburg"]
[Site "Tilburg"]
[Date "1987.??.??"]
[Round "?"]
[White "Timman, Jan H"]
[Black "Kortschnoj, Viktor"]
[Result "1/2-1/2"]
[WhiteElo "2630"]
[BlackElo "2630"]

1.e4 e5 2.Nf3 Nc6 3.Bb5 a6 4.Ba4 Nf6 5.O-O Nxe4 6.d4 b5 7.Bb3 d5 8.dxe5 Be6
9.Be3 Be7 10.c3 Qd7 11.Nbd2 Rd8 12.Nxe4 dxe4 13.Nd4 Bxb3 14.axb3 Nxe5 15.Qh5 Nc6
16.Rxa6 Nxd4 17.Bxd4 O-O 18.Qe5 f6 19.Qxe4 c5 20.Be3 Rfe8 21.g3 Bf8 22.Qc6 Qd3
23.Rfa1 Rxe3 24.fxe3 Qxe3+ 25.Kh1 Rd6 26.Qb7  1/2-1/2

[Event "Tilburg"]
[Site "Tilburg"]
[Date "1987.??.??"]
[Round "?"]
[White "Timman, Jan H"]
[Black "Jussupow, Artur"]
[Result "1-0"]
[WhiteElo "2630"]
[BlackElo "2635"]

1.e4 e5 2.Nf3 Nc6 3.Bb5 a6 4.Ba4 Nf6 5.O-O Nxe4 6.d4 b5 7.Bb3 d5 8.dxe5 Be6
9.Be3 Nc5 10.c3 Nxb3 11.axb3 Be7 12.Nbd2 Bg4 13.Qc2 Qd7 14.Bg5 Bf5 15.Qd1 Bxg5
16.Nxg5 O-O 17.Re1 Rfd8 18.Ngf3 d4 19.Qc1 a5 20.Ne4 Bxe4 21.Rxe4 Qd5 22.Re1 d3
23.c4 bxc4 24.bxc4 Qc5 25.Qc3 h6 26.e6 fxe6 27.Rxe6 Nd4 28.Nxd4 Qxd4 29.Re8+  1-0

[Event "Tilburg"]
[Site "Tilburg"]
[Date "1987.??.??"]
[Round "?"]
[White "Timman, Jan H"]
[Black "Huebner, Robert"]
[Result "1/2-1/2"]
[WhiteElo "2630"]
[BlackElo "2610"]

1.d4 d5 2.c4 dxc4 3.Nf3 Nf6 4.e3 e6 5.Bxc4 a6 6.Qe2 c5 7.dxc5 Bxc5 8.O-O Qc7
9.Nbd2 Nc6 10.a3 b5 11.Bd3 Ne5 12.Nxe5 Qxe5 13.Nf3 Qh5 14.a4 b4 15.e4 Bb7
16.h3 O-O 17.Bf4 a5 18.Rac1 Rfd8 19.Be5 Nd7 20.Bh2 Bf8 21.Bb5 Nc5 22.Rc4 f5
23.exf5 Bxf3 24.Qxf3 Qxf3 25.gxf3 exf5 26.Be5 Nb3 27.Rf4 Nd2 28.Rc1 g6 29.Bc4+ Nxc4
30.Rfxc4 Rd7 31.Rc7 Rad8 32.Kg2 Kf7 33.R7c6 Rd5 34.f4 Bd6 35.Bxd6 R8xd6 36.Rxd6 Rxd6
37.Rc5  1/2-1/2

[Event "Tilburg"]
[Site "Tilburg"]
[Date "1987.??.??"]
[Round "?"]
[White "Timman, Jan H"]
[Black "Andersson, Ulf"]
[Result "1/2-1/2"]
[WhiteElo "2630"]
[BlackElo "2600"]

1.c4 e6 2.Nc3 d5 3.d4 Nf6 4.cxd5 exd5 5.Bg5 c6 6.e3 Be7 7.Qc2 Nbd7 8.Nf3 Nf8
9.Bd3 Ne6 10.Bh4 g6 11.O-O O-O 12.Rab1 Ng7 13.b4 a6 14.a4 Bf5 15.b5 Bxd3
16.Qxd3 axb5 17.axb5 Nf5 18.Bxf6 Bxf6 19.Rfc1 Ra3 20.bxc6 bxc6 21.Qc2 Qa8
22.Ne2 Ra6 23.Nf4 Nd6 24.Nd2 Be7 25.h3 Rd8 26.Nd3 Nb5 27.Rb3 Bd6 28.Nb4 Bxb4
29.Rxb4 Rb8 30.Qc5 Rb7 31.Nf3 f6 32.Ne1 Rba7 33.Nd3 Ra1 34.Rbb1 Rxb1 35.Rxb1 Kf7
36.Nb4 Ra1 37.Rxa1 Qxa1+ 38.Kh2 Nc3 39.Nxc6 Ne2 40.Qa7+ Qxa7 41.Nxa7 Ke6
42.Nc6 h5 43.g3 Nc3 44.Kg2 Ne4 45.Nb4 Nd2 46.Nd3 g5 47.f3 Nc4 48.Kf2 Nd6
49.Nc5+ Ke7 50.Ke2 Nf5 51.g4 hxg4 52.hxg4 Nh6 53.e4 dxe4 54.Nxe4 f5 55.Nf2 Ke6
56.Ke3 Ng8 57.Kd3 fxg4 58.Nxg4 Kf5 59.d5 Ne7 60.Kc4 Kf4  1/2-1/2

[Event "Tilburg"]
[Site "Tilburg"]
[Date "1987.??.??"]
[Round "?"]
[White "Sokolov, Andrei"]
[Black "Nikolic, Predrag"]
[Result "1/2-1/2"]
[WhiteElo "2635"]
[BlackElo "2620"]

1.e4 e5 2.Nf3 Nc6 3.Bb5 a6 4.Ba4 Nf6 5.O-O Be7 6.Re1 b5 7.Bb3 O-O 8.c3 d6
9.h3 Nd7 10.d4 Nb6 11.Nbd2 Bf6 12.Nf1 Re8 13.d5 Na5 14.Bc2 c6 15.dxc6 Be6
16.Ne3 Nxc6 17.Nd5 Bxd5 18.exd5 Nb8 19.a4 g6 20.Qe2 bxa4 21.Bxa4 Nxa4 22.Rxa4 Qd7
23.Rb4 a5 24.Rb5 a4 25.Nd2 Be7 26.Ne4 Qc7 27.Bg5 Bxg5 28.Nxg5  1/2-1/2

[Event "Tilburg"]
[Site "Tilburg"]
[Date "1987.??.??"]
[Round "?"]
[White "Sokolov, Andrei"]
[Black "Kortschnoj, Viktor"]
[Result "0-1"]
[WhiteElo "2635"]
[BlackElo "2630"]

1.e4 e5 2.Nf3 Nc6 3.Bb5 a6 4.Ba4 Nf6 5.O-O Nxe4 6.d4 b5 7.Bb3 d5 8.dxe5 Be6
9.c3 Nc5 10.Bc2 Bg4 11.Re1 Be7 12.Nbd2 Qd7 13.Nf1 Rd8 14.Ne3 Bh5 15.Nf5 O-O
16.Nxe7+ Nxe7 17.b4 Ne4 18.Bxe4 dxe4 19.Qxd7 Rxd7 20.Ng5 Bg6 21.e6 Rd3 22.exf7+ Bxf7
23.Nxe4 Nd5 24.f3 Bg6 25.Kf2 Re8 26.a4 Bxe4 27.Rxe4 Rxe4 28.fxe4 Nxc3 29.axb5 axb5
30.e5 Kf7 31.Ra6 Ne4+ 32.Ke2 Rc3 33.Be3 Ke7 34.Bd4 Rc4 35.Kd3 Ng5 36.Bc5+ Kd7
37.Ra5 Kc6 38.Ra6+ Kd5 39.Ra5 Ne6 40.Rxb5 Nxc5+ 41.bxc5 Rxc5 42.Rxc5+ Kxc5
43.Ke4 Kc6 44.h4 Kd7 45.Kd5 h5 46.e6+ Ke7 47.Kc6 Kxe6 48.Kxc7 Kf5 49.Kd6 Kg4
50.Ke5 Kxh4 51.Kf4 g6 52.Kf3 g5  0-1

[Event "Tilburg"]
[Site "Tilburg"]
[Date "1987.??.??"]
[Round "?"]
[White "Sokolov, Andrei"]
[Black "Huebner, Robert"]
[Result "1/2-1/2"]
[WhiteElo "2635"]
[BlackElo "2610"]

1.e4 e6 2.d4 d5 3.Nd2 c5 4.exd5 Qxd5 5.Ngf3 cxd4 6.Bc4 Qd6 7.O-O Nf6 8.Nb3 Nc6
9.Nbxd4 Nxd4 10.Nxd4 a6 11.Re1 Bd7 12.h3 O-O-O 13.c3 Qc7 14.Qe2 Bc5 15.b4 Ba7
16.b5 e5 17.Nc2 axb5 18.Bxb5 Bxf2+ 19.Kxf2 Qb6+ 20.Nd4 exd4 21.Bxd7+ Rxd7
22.cxd4 Nd5 23.Qe4 Qg6  1/2-1/2

[Event "Tilburg"]
[Site "Tilburg"]
[Date "1987.??.??"]
[Round "?"]
[White "Sokolov, Andrei"]
[Black "Andersson, Ulf"]
[Result "1/2-1/2"]
[WhiteElo "2635"]
[BlackElo "2600"]

1.e4 e6 2.d4 d5 3.Nd2 c5 4.exd5 Qxd5 5.Ngf3 cxd4 6.Bc4 Qd6 7.O-O Nf6 8.Nb3 Nc6
9.Nbxd4 Nxd4 10.Nxd4 Bd7 11.Re1 Qc7 12.Qe2 Bc5 13.c3 Bxd4 14.cxd4 Rc8 15.b3 O-O
16.Bg5 Nd5 17.Qh5 Bc6 18.Rad1 Qd7 19.Bd3 f5 20.Re5 Nc3 21.Bc4 Bd5 22.Rde1 Bxc4
23.bxc4 Qxd4 24.Rxe6 Ne4 25.Bh4 Qxc4 26.Re7 Rf7 27.Rxf7 Qxf7 28.Qxf7+ Kxf7
29.f3 Nf6 30.Re2 Rc4 31.Be1 g6 32.Kf2 Nd5 33.g3 a6 34.h4 h5 35.a3 f4 36.gxf4 Nxf4
37.Rd2 Ke6 38.Kg3 Nd5 39.Re2+ Kd7 40.Re5 Ne7 41.Re4 Rxe4 42.fxe4 Nc6 43.Kf4 Nd4
44.Bf2 Ne6+ 45.Ke5 g5 46.hxg5 Nxg5 47.Kf5 Nf3 48.e5 Nd2 49.a4 Nc4 50.e6+ Ke8
51.Ke4 a5 52.Kf5 Nb2 53.Bb6 Nc4 54.Bf2 Nd6+ 55.Ke5 Nc8 56.Be1 Nb6 57.Kf5 Nc4  1/2-1/2

[Event "Tilburg"]
[Site "Tilburg"]
[Date "1987.??.??"]
[Round "?"]
[White "Nikolic, Predrag"]
[Black "Timman, Jan H"]
[Result "1/2-1/2"]
[WhiteElo "2620"]
[BlackElo "2630"]

1.d4 Nf6 2.c4 e6 3.Nf3 b6 4.a3 Bb7 5.Nc3 d5 6.cxd5 Nxd5 7.Qc2 c5 8.dxc5 Bxc5
9.Bg5 Qc8 10.Rc1 h6 11.Bd2 Nc6 12.b4 Be7 13.e4 Nf6 14.Be2 Qb8 15.O-O  1/2-1/2

[Event "Tilburg"]
[Site "Tilburg"]
[Date "1987.??.??"]
[Round "?"]
[White "Nikolic, Predrag"]
[Black "Sokolov, Andrei"]
[Result "1/2-1/2"]
[WhiteElo "2620"]
[BlackElo "2635"]

1.d4 Nf6 2.c4 e6 3.Nf3 b6 4.g3 Ba6 5.Nbd2 Bb7 6.Bg2 Be7 7.O-O O-O 8.Qc2 d5
9.Ne5 c5 10.dxc5 Bxc5 11.Ndf3 Re8 12.Bf4 Nbd7 13.Nd3  1/2-1/2

[Event "Tilburg"]
[Site "Tilburg"]
[Date "1987.??.??"]
[Round "?"]
[White "Nikolic, Predrag"]
[Black "Kortschnoj, Viktor"]
[Result "1-0"]
[WhiteElo "2620"]
[BlackElo "2630"]

1.d4 e6 2.c4 Nf6 3.Nf3 b6 4.g3 Ba6 5.b3 Bb7 6.Bg2 Bb4+ 7.Bd2 a5 8.O-O O-O
9.Qc2 c5 10.dxc5 Bxc5 11.Nc3 d5 12.cxd5 exd5 13.Rad1 Na6 14.Qb1 Re8 15.Bg5 h6
16.Bxf6 Qxf6 17.Nxd5 Bxd5 18.Rxd5 Rxe2 19.Rf5 Qc3 20.Nd4 Rb2 21.Qe4 Rd8 22.Nc6 Rf8
23.Ne5 Nc7 24.Qc6 Rxa2 25.Nd7 Bd4 26.Nxf8 Qxc6 27.Bxc6 Kxf8 28.Kg2 g6 29.Rf3 Rd2
30.Be4 Ke7 31.h4 Bc5 32.Bd3 h5 33.Re1+ Kd8 34.Bc4 f5 35.Bf7 Rd6 36.Re2 Kd7
37.Rc3 Rf6 38.Bc4 Kc6 39.Rc1 f4 40.f3 fxg3 41.Kxg3 b5 42.Bd3 Kb6 43.Be4 Ne6
44.Rec2 Bd6+ 45.Kg2 Nc5 46.Rd1 Be7 47.Bd5 Rd6 48.Kg3 Bd8 49.Re2 Bc7 50.Kg2 Bd8
51.Re8 a4 52.bxa4 bxa4 53.Kg3 Ka5 54.Ree1 Bf6 55.Bf7 Rxd1 56.Rxd1 a3 57.f4 Kb4
58.Re1 Nb3 59.Re4+ Nd4 60.Kh3 Kc3 61.Re8 Kd2 62.Ra8 Ne2 63.Rxa3 Nxf4+ 64.Kg3 Ne2+
65.Kf3 Nc3 66.Bxg6 Bxh4 67.Rb3 Bf6 68.Rb2+ Ke1 69.Bxh5 Bd4 70.Rb8 Kd2 71.Bg6 Kc1
72.Rb3 Bg7 73.Ke3 Bf6 74.Kd3 Nd5 75.Be4 Nc3 76.Bf5 Nd5 77.Rb5 Nc3 78.Rb6 Bh8
79.Bh7 Na2 80.Bg8 Nc3 81.Rh6 Be5 82.Rh5 Bf6 83.Rh2 Be5 84.Rg2 Bh8 85.Rc2+ Kb1
86.Bh7 Na2 87.Kd2 Ka1 88.Rc8 Bd4 89.Kc2  1-0

[Event "Tilburg"]
[Site "Tilburg"]
[Date "1987.??.??"]
[Round "?"]
[White "Nikolic, Predrag"]
[Black "Jussupow, Artur"]
[Result "1-0"]
[WhiteElo "2620"]
[BlackElo "2635"]

1.d4 Nf6 2.c4 e6 3.Nc3 Bb4 4.Qc2 c5 5.dxc5 O-O 6.Nf3 Na6 7.g3 Nxc5 8.a3 Bxc3+
9.Qxc3 Nce4 10.Qc2 b5 11.cxb5 Qa5+ 12.b4 Qxb5 13.Bg2 Ba6 14.Nd4 Qd5 15.Qb2 e5
16.Nf3 Rac8 17.Nd2 Bxe2 18.Kxe2 Nxg3+ 19.hxg3 Qxg2 20.Rh4 d5 21.Qb1 d4 22.Ne4 Nd5
23.Bd2 f5 24.Nc5 e4 25.Qh1 d3+ 26.Ke1 Qxh1+ 27.Rxh1 a5 28.Kf1 Rfe8 29.Kg2 axb4
30.axb4 Rb8 31.Rhb1 h6 32.Ra5 e3 33.fxe3 Nxe3+ 34.Bxe3 Rxe3 35.Ra2 Rbe8 36.Rd2 Re2+
37.Rxe2 Rxe2+ 38.Kf3  1-0

[Event "Tilburg"]
[Site "Tilburg"]
[Date "1987.??.??"]
[Round "?"]
[White "Nikolic, Predrag"]
[Black "Andersson, Ulf"]
[Result "1/2-1/2"]
[WhiteElo "2620"]
[BlackElo "2600"]

1.d4 Nf6 2.c4 e6 3.Nf3 Bb4+ 4.Bd2 Bxd2+ 5.Qxd2 d5 6.Nc3 O-O 7.e3 Qe7 8.Rd1 Rd8
9.Qc2 Nbd7 10.cxd5 exd5 11.Bd3 Nf8 12.h3 Ng6 13.O-O c6 14.Rfe1 Re8 15.a3 Bd7
16.b4 Rac8 17.e4 dxe4 18.Nxe4 Nxe4 19.Bxe4 Be6 20.Qc5 Nf8 21.Re3 a6 22.Ng5 Rcd8
23.Nxe6 Nxe6 24.Qc2 g6 25.d5 cxd5 26.Bxd5 Rd6 27.Bf3 Rxd1+ 28.Qxd1 Rd8 29.Rd3 Rxd3
30.Qxd3 Qc7 31.g3 b5 32.Kg2 Kg7 33.h4 h5 34.Bd5 Qe5 35.Bxe6  1/2-1/2

[Event "Tilburg"]
[Site "Tilburg"]
[Date "1987.??.??"]
[Round "?"]
[White "Ljubojevic, Ljubomir"]
[Black "Timman, Jan H"]
[Result "1/2-1/2"]
[WhiteElo "2625"]
[BlackElo "2630"]

1.e4 e6 2.d4 d5 3.Nd2 Nf6 4.e5 Nfd7 5.c3 c5 6.Bd3 Nc6 7.Ndf3 Qa5 8.Bd2 Qb6
9.Qc2 cxd4 10.cxd4 Nb4 11.Bxb4 Bxb4+ 12.Kf1 h6 13.Ne2 O-O 14.h4 Nb8 15.Ng5 Qc6
16.Qb3 Qb6 17.Bh7+ Kh8 18.Qd3 Qa6 19.Qe3 Nc6 20.Bd3  1/2-1/2

[Event "Tilburg"]
[Site "Tilburg"]
[Date "1987.??.??"]
[Round "?"]
[White "Ljubojevic, Ljubomir"]
[Black "Sokolov, Andrei"]
[Result "1/2-1/2"]
[WhiteElo "2625"]
[BlackElo "2635"]

1.Nf3 c5 2.c4 Nf6 3.Nc3 Nc6 4.g3 d5 5.cxd5 Nxd5 6.Bg2 Nc7 7.a3 g6 8.O-O Bg7
9.d3 O-O 10.Bd2 Bd7 11.Rb1 a5 12.Qc1 Rc8 13.Bh6 b6 14.Bxg7 Kxg7 15.Qd2 f6
16.Ne1 Be8 17.e3 Qd7 18.Nc2 Bf7 19.b3 Rfd8 20.Rfd1 Ne5 21.Qe2 Nd5 22.Nxd5 Bxd5
23.d4 Bxg2 24.Kxg2 Qb7+ 25.e4 cxd4 26.Nxd4 Rd6 27.Nf3 Rxd1 28.Rxd1 Nxf3  1/2-1/2

[Event "Tilburg"]
[Site "Tilburg"]
[Date "1987.??.??"]
[Round "?"]
[White "Ljubojevic, Ljubomir"]
[Black "Kortschnoj, Viktor"]
[Result "1/2-1/2"]
[WhiteElo "2625"]
[BlackElo "2630"]

1.e4 c5 2.Nf3 Nc6 3.d4 cxd4 4.Nxd4 g6 5.c4 Bg7 6.Be3 Nf6 7.Nc3 Ng4 8.Qxg4 Nxd4
9.Qd1 Ne6 10.Rc1 Qa5 11.Qd2 b6 12.Bd3 Bb7 13.O-O g5 14.Rfd1 d6 15.a3 h5 16.Rc2 Bd4
17.b4 Qe5 18.Nd5 Bxe3 19.fxe3 Rc8 20.Rf1 Ng7 21.Qf2 f6 22.Qe1 O-O 23.a4 h4
24.Qa1 Qxa1 25.Rxa1 Bxd5 26.exd5 f5 27.Rf2 Rc7 28.a5 Kh7 29.g4 hxg3 30.hxg3 Kg8
31.Kg2 Rf6 32.axb6 axb6 33.Ra8+ Rf8 34.Ra6 Rb8 35.b5 Kf7 36.e4 Kf6 37.exf5 Ke5
38.Ra4 Ne8 39.f6 Nxf6 40.Rf5+ Kd4 41.c5+ Kxd3 42.Rf3+ Kc2 43.c6 Kb2 44.Raa3 g4
45.Rfb3+ Kc2 46.Re3 Kb2 47.Rad3 Kc2 48.Ra3  1/2-1/2

[Event "Tilburg"]
[Site "Tilburg"]
[Date "1987.??.??"]
[Round "?"]
[White "Nikolic, Predrag"]
[Black "Huebner, Robert"]
[Result "1-0"]
[WhiteElo "2620"]
[BlackElo "2610"]

1.d4 d5 2.c4 c6 3.Nc3 Nf6 4.e3 e6 5.Nf3 Nbd7 6.Bd3 Bb4 7.a3 Bd6 8.O-O O-O
9.e4 dxe4 10.Nxe4 Nxe4 11.Bxe4 e5 12.dxe5 Nxe5 13.Nxe5 Bxe5 14.Bxh7+ Kxh7
15.Qh5+ Kg8 16.Qxe5 Qd3 17.c5 Be6 18.Be3 Qg6 19.Rfe1 Rfe8 20.h4 Bd5 21.Qg5 Qxg5
22.hxg5 Re6 23.f3 Bb3 24.Rac1 a5 25.Rc3 a4 26.Rd3 Rae8 27.Kf2 Re5 28.Rc1 Rd5
29.Rxd5 Bxd5 30.Rd1 Kf8 31.Rd4 Ra8 32.Rb4 Ra7 33.Bf4 Ke8 34.Ke3 Kd8 35.Kd4 Kc8
36.Ke5 Kd7 37.Kd4 Kc8 38.Be5 g6 39.Bd6 Ra5 40.Ke5 Ba2 41.Kf6 Rb5 42.Rxa4 Rxb2
43.Be5 Rb5 44.Ra8+ Kd7 45.Bd4 Bd5 46.Rf8 Rb3 47.Rb8 Rxa3 48.Rxb7+ Ke8 49.Be5 Ra2
50.Re7+ Kd8 51.Rxf7 Bxf7 52.Kxf7 Rxg2 53.f4 Kd7 54.Kxg6 Ke6 55.Bd4 Kd5 56.Bg7 Kxc5
57.Bh6 Kd5 58.Kf5 c5 59.g6 Ra2 60.g7 Ra8 61.Bg5 c4 62.Bf6 Rc8 63.Bc3 Ra8
64.Kg6 Ke4 65.f5 Ra2 66.f6  1-0

[Event "Tilburg"]
[Site "Tilburg"]
[Date "1987.??.??"]
[Round "?"]
[White "Kortschnoj, Viktor"]
[Black "Timman, Jan H"]
[Result "0-1"]
[WhiteElo "2630"]
[BlackElo "2630"]

1.d4 Nf6 2.c4 e6 3.g3 c5 4.d5 exd5 5.cxd5 b5 6.a4 b4 7.f3 g6 8.e4 Bg7 9.Nd2 O-O
10.Nc4 d6 11.Bf4 Ba6 12.Qd2 Bxc4 13.Bxc4 Qe7 14.Rc1 Nh5 15.Bg5 f6 16.Be3 f5
17.Bxc5 fxe4 18.f4 e3 19.Qxe3 Qxe3+ 20.Bxe3 Bxb2 21.Rc2 Bc3+ 22.Ke2 Nd7 23.Kd3 g5
24.Ne2 gxf4 25.gxf4 Bg7 26.Bb5 Nc5+ 27.Bxc5 dxc5 28.Rf1 a6 29.Bd7 b3 30.Rxc5 Rab8
31.d6 Rf6 32.Rc8+ Rxc8 33.Bxc8 Rxd6+ 34.Ke3 Nf6 35.Bf5 b2 36.Kf3 Nd7 37.Ng3 Nc5
38.Nh5 Bc3 39.Rg1+ Kf8 40.Bc2 Nd3  0-1

[Event "Tilburg"]
[Site "Tilburg"]
[Date "1987.??.??"]
[Round "?"]
[White "Kortschnoj, Viktor"]
[Black "Sokolov, Andrei"]
[Result "1/2-1/2"]
[WhiteElo "2630"]
[BlackElo "2635"]

1.c4 Nf6 2.Nf3 e6 3.Nc3 c5 4.g3 b6 5.Bg2 Bb7 6.O-O a6 7.b3 Qc7 8.e3 Be7 9.d4 cxd4
10.exd4 d5 11.Bf4 Bd6 12.Bxd6 Qxd6 13.Ne5 O-O 14.Rc1 Nc6 15.Re1 dxc4 16.Nxc4 Qc7
17.Ne5 Rac8 18.Na4 Nd5 19.Nc3 Ndb4 20.Nxc6 Bxc6 21.d5 Rfd8 22.Qe2 Bxd5 23.Nxd5 Qxc1
24.Nxb4 Qc3 25.Nxa6 Rd2 26.Qe4 Rxa2 27.Nb4 Ra1 28.Rxa1 Qxa1+ 29.Bf1 Qc3 30.Ba6 Rd8
31.Bd3 g6 32.Qc4 Qxc4 33.bxc4 f5 34.Be2 Kf7 35.Nd3 Ke7 36.f4 Kd6 37.Kf2 Ra8
38.Ke3 Ra2 39.Ne5 Kc5 40.Nd7+ Kc6 41.Ne5+ Kd6 42.h4 Ra3+ 43.Bd3 Ra2 44.Nf7+ Ke7
45.Ne5 Kd6 46.Be2 Ra3+ 47.Kf2 Ra7 48.g4 fxg4 49.Bxg4 Ra2+ 50.Be2 Ke7 51.Ke3 Ra1
52.Bd3 Rh1 53.Nf3 Kf6 54.Be4 Ke7 55.Kf2 Kf6 56.Kg2 Rd1 57.Ne5 Ke7 58.Kf2 Ra1
59.Bd3 Rh1 60.Nf3 Kf6 61.Bf1 Kf5 62.Kg2 Kxf4 63.Nh2 Rxh2+ 64.Kxh2 Kg4  1/2-1/2

[Event "Tilburg"]
[Site "Tilburg"]
[Date "1987.??.??"]
[Round "?"]
[White "Kortschnoj, Viktor"]
[Black "Nikolic, Predrag"]
[Result "1-0"]
[WhiteElo "2630"]
[BlackElo "2620"]

1.c4 e5 2.g3 Nc6 3.Bg2 g6 4.Nc3 Bg7 5.d3 Nge7 6.e4 O-O 7.Nge2 d6 8.O-O Nd4
9.Be3 c6 10.Qd2 Be6 11.f4 Qd7 12.Bf2 d5 13.cxd5 cxd5 14.exd5 Nxd5 15.fxe5 Nxe2+
16.Qxe2 Bg4 17.Qe4 Nxc3 18.bxc3 Bf5 19.Qxb7 Qxd3 20.Qf3 Qb5 21.Qe3 Rac8 22.Qxa7 Bxe5
23.a4 Qb2 24.a5 Bd3 25.Rfd1 Be2 26.Rab1 Qxc3 27.Re1 Bd3 28.Rbd1 Bc2 29.Rd5 Bf6
30.a6 Bd3 31.Rd6 Rfe8 32.Rxe8+ Rxe8 33.h4 Bxa6 34.Qxa6 Be5 35.Rd3 Qa1+ 36.Qxa1 Bxa1
37.Rd7 Bf6 38.Bd5 Re7 39.Rd6 Kg7 40.Bc5 Be5 41.Rd8 Rc7 42.Bf2 h5 43.Re8 Bf6
44.Bf3 Rd7 45.Kg2 Rd2 46.Re4 Rc2 47.Bd1 Rc3 48.Be3 Rd3 49.Bf3 Ra3 50.Bf4 Ra2+
51.Kh3 Ra7 52.Rb4 Bc3 53.Rb3 Bd4 54.Bd5 Rd7 55.Rb5 Re7 56.Kg2 Be5 57.Kf3 Bd4
58.Bc4 Rd7 59.Ra5 Ra7 60.Rd5 Bf6 61.Rd6 Bb2 62.Ke4 Re7+ 63.Kd5 Bc3 64.Rb6 Ba1
65.Bd6 Re6 66.Kc6 Rf6 67.Kd7  1-0

[Event "Tilburg"]
[Site "Tilburg"]
[Date "1987.??.??"]
[Round "?"]
[White "Kortschnoj, Viktor"]
[Black "Jussupow, Artur"]
[Result "1/2-1/2"]
[WhiteElo "2630"]
[BlackElo "2635"]

1.d4 Nf6 2.c4 e6 3.Nc3 d5 4.Bg5 Be7 5.e3 h6 6.Bh4 O-O 7.Rc1 b6 8.cxd5 exd5
9.Bxf6 Bxf6 10.Qf3 c6 11.Bd3 Ba6 12.Bxa6 Nxa6 13.Nge2 Nc7 14.O-O Ne6 15.Rfd1 Re8
16.Qf5 Rc8 17.Qb1 Be7 18.b4 b5 19.a3 Bd6 20.Rc2 a5 21.Na2 Re7 22.Qc1 Qb6
23.Rd3 axb4 24.Nxb4 Bxb4 25.axb4 Ra7 26.g3 Ra6 27.Ra3 Qb7 28.Rxa6 Qxa6 29.Nc3 Ra8
30.Ra2 Qb7 31.Qa1 Rxa2 32.Qxa2 g6 33.h4  1/2-1/2

[Event "Tilburg"]
[Site "Tilburg"]
[Date "1987.??.??"]
[Round "?"]
[White "Jussupow, Artur"]
[Black "Timman, Jan H"]
[Result "1/2-1/2"]
[WhiteElo "2635"]
[BlackElo "2630"]

1.d4 Nf6 2.c4 e6 3.Nf3 b6 4.a3 Bb7 5.Nc3 d5 6.cxd5 Nxd5 7.Qc2 c5 8.dxc5 Bxc5
9.Bg5 Qc8 10.Rc1 h6 11.Bd2 Nc6 12.Nxd5 exd5 13.e3 O-O 14.Bb5 Ne7 15.b4 Bd6
16.Qxc8 Rfxc8 17.Ke2 d4 18.exd4 a6 19.Rxc8+ Rxc8 20.Bd3 Nd5 21.Rc1 Rxc1 22.Bxc1 Nf4+
23.Bxf4 Bxf4 24.a4 Bd6 25.b5 axb5 26.Bxb5 Bxf3+ 27.Kxf3 Kf8 28.Ke4 Ba3 29.Kd5 Bb2
30.Bc4 Ke7 31.f3 Bc3 32.Bd3 Bb2 33.Bf5 Bc3 34.Bg4 Bb2 35.Bh5 f6 36.Bg6 Ba1
37.Bd3 Bb2 38.Bb5 Bc3 39.Bc6 Bb2 40.Ke4 Bc3 41.d5 Bb4 42.Kf5 Bd6 43.g3 Bc5
44.Kg6 Kf8 45.h4 Bd6 46.f4 Bc5 47.g4 Bd6 48.f5 Be5 49.Bb5 Bf4 50.Bc4 Be5
51.h5 Bf4  1/2-1/2

[Event "Tilburg"]
[Site "Tilburg"]
[Date "1987.??.??"]
[Round "?"]
[White "Jussupow, Artur"]
[Black "Huebner, Robert"]
[Result "1/2-1/2"]
[WhiteElo "2635"]
[BlackElo "2610"]

1.d4 d5 2.Nf3 Nf6 3.c4 dxc4 4.Nc3 c6 5.a4 Bf5 6.e3 e6 7.Bxc4 Bb4 8.O-O Nbd7
9.Nh4 Bg6 10.Nxg6 hxg6 11.f4 Nd5 12.Bd2 Qa5 13.Qe1 N5b6 14.Bb3 c5 15.Rd1 cxd4
16.Nb5 Bxd2 17.Rxd2 Nc5 18.Bc2 Rd8 19.exd4 Ncxa4 20.Bxg6 Ke7 21.Bxf7 Kxf7
22.f5 e5 23.f6 g6 24.Qxe5 Nd5 25.Re2 Qb6 26.Qg5 Rd7 27.Re7+ Nxe7 28.fxe7+ Ke8
29.Qe5 Rxe7 30.Qxh8+  1/2-1/2

[Event "Tilburg"]
[Site "Tilburg"]
[Date "1987.??.??"]
[Round "?"]
[White "Jussupow, Artur"]
[Black "Andersson, Ulf"]
[Result "1/2-1/2"]
[WhiteElo "2635"]
[BlackElo "2600"]

1.d4 Nf6 2.c4 e6 3.Nf3 Bb4+ 4.Bd2 Bxd2+ 5.Qxd2 d5 6.Nc3 O-O 7.e3 Qe7 8.Rc1 dxc4
9.Bxc4 c5 10.O-O Rd8 11.Rfd1 Nc6 12.Qe2 cxd4 13.exd4 Bd7 14.a3 Be8 15.Ba2 Rd6
16.Rd3 Rad8 17.Rcd1 a6 18.h3 h6 19.R1d2 Kf8 20.Qd1 Qc7 21.d5 exd5 22.Bxd5 Ne7
23.Ba2 Rxd3 24.Rxd3 Rxd3 25.Qxd3 Qf4 26.Ne2 Qc7 27.Nfd4 Qe5 28.Qc3 Nc6 29.f3 Nh5
30.Kf2 Nf4 31.Nxf4 Qxd4+ 32.Qxd4 Nxd4 33.Ke3 Nc6 34.Nd5 f6 35.Nc7 Bf7 36.Bxf7 Kxf7
37.Ke4 Ke7 38.Kd5 Kd7 39.Na8 Ne7+ 40.Kc5 Nf5 41.Nb6+ Kd8 42.g4 Nh4 43.f4 f5
44.Nd5 g5 45.fxg5 hxg5 46.gxf5 Nxf5 47.Nf6 Ne3 48.b3 Nc2 49.a4 Kc7 50.a5 Ne1
51.Nh7 Nd3+ 52.Kd4 Nb4 53.Nxg5 Nc6+ 54.Kd5 Kd7 55.Ne4 Nxa5 56.Nc5+ Ke7 57.b4 Nc6
58.Nxa6 Kf6 59.b5 Na7  1/2-1/2

[Event "Tilburg"]
[Site "Tilburg"]
[Date "1987.??.??"]
[Round "?"]
[White "Huebner, Robert"]
[Black "Timman, Jan H"]
[Result "1/2-1/2"]
[WhiteElo "2610"]
[BlackElo "2630"]

1.e4 e5 2.Nf3 Nc6 3.Bb5 a6 4.Ba4 Nf6 5.O-O Be7 6.Re1 b5 7.Bb3 O-O 8.c3 d5
9.exd5 Nxd5 10.Nxe5 Nxe5 11.Rxe5 c6 12.d4 Bd6 13.Re2 Qh4 14.g3 Qh3 15.Nd2 Bf5
16.Bc2 Bxc2 17.Qxc2 f5 18.c4 Qg4 19.Re6 Nf4 20.f3 Nh3+ 21.Kg2 Nf4+ 22.Kg1 Nh3+
23.Kg2 Nf4+  1/2-1/2

[Event "Tilburg"]
[Site "Tilburg"]
[Date "1987.??.??"]
[Round "?"]
[White "Huebner, Robert"]
[Black "Sokolov, Andrei"]
[Result "1/2-1/2"]
[WhiteElo "2610"]
[BlackElo "2635"]

1.d4 Nf6 2.c4 e6 3.g3 d5 4.Nf3 dxc4 5.Qa4+ Nbd7 6.Bg2 a6 7.Qxc4 c5 8.dxc5 Bxc5
9.Qc2 Qc7 10.Nc3 b5 11.Bf4 Qa7 12.O-O Bb7 13.Rad1  1/2-1/2

[Event "Tilburg"]
[Site "Tilburg"]
[Date "1987.??.??"]
[Round "?"]
[White "Huebner, Robert"]
[Black "Jussupow, Artur"]
[Result "1/2-1/2"]
[WhiteElo "2610"]
[BlackElo "2635"]

1.e4 e5 2.Nf3 Nc6 3.Bb5 a6 4.Ba4 Nf6 5.O-O Nxe4 6.d4 b5 7.Bb3 d5 8.dxe5 Be6
9.Nbd2 Nc5 10.c3 d4 11.Bxe6 Nxe6 12.cxd4 Ncxd4 13.a4 Be7 14.axb5 Nxb5 15.Ne4 O-O
16.Be3 c5 17.Ra4 Qb8 18.Qa1 Nbd4 19.Bxd4 cxd4 20.Nxd4 Nxd4 21.Rxd4 Qxe5 22.Rfd1 Rfd8
23.b3 Rxd4 24.Qxd4 Qxd4 25.Rxd4  1/2-1/2

[Event "Tilburg"]
[Site "Tilburg"]
[Date "1987.??.??"]
[Round "?"]
[White "Huebner, Robert"]
[Black "Andersson, Ulf"]
[Result "1/2-1/2"]
[WhiteElo "2610"]
[BlackElo "2600"]

1.e4 c5 2.Nf3 e6 3.d4 cxd4 4.Nxd4 Nc6 5.Nc3 a6 6.Be2 Qc7 7.O-O Nf6 8.Be3 Bb4
9.Na4 Be7 10.Nxc6 bxc6 11.Nb6 Rb8 12.Nxc8 Qxc8 13.e5 Nd5 14.Bc1 Bc5 15.Qd3 O-O
16.b3 Qc7 17.Bb2 a5 18.a4 f6 19.exf6 Nxf6 20.Bf3 Rf7 21.Rae1 Re8 22.Re2 e5
23.Rfe1 d6 24.Qd2 Ref8 25.h3 h6 26.Bc3 Qc8 27.Kh2 g5 28.b4 axb4 29.Bxb4 g4
30.hxg4 e4 31.Rxe4 Nxe4 32.Rxe4 Bxb4 33.Rxb4 d5 34.Kg1 Qe6 35.a5 Qf6 36.Rb6 Qa1+
37.Kh2 Qe5+ 38.Kh3 Rf6 39.a6 h5 40.gxh5 Rxf3+ 41.gxf3  1/2-1/2

[Event "Tilburg"]
[Site "Tilburg"]
[Date "1987.??.??"]
[Round "?"]
[White "Andersson, Ulf"]
[Black "Sokolov, Andrei"]
[Result "1/2-1/2"]
[WhiteElo "2600"]
[BlackElo "2635"]

1.Nf3 c5 2.c4 Nf6 3.g3 b6 4.Bg2 Bb7 5.O-O e6 6.Nc3 a6 7.b3 Qc7 8.Bb2 Be7
9.e3 O-O 10.Qe2 Rd8 11.Rfd1 d6 12.Rac1 Nbd7 13.d4 cxd4 14.Nxd4 Rac8 15.f4 g6
16.Bxb7 Qxb7 17.Qg2 Qxg2+ 18.Kxg2 Ng4 19.Nc2 f5 20.e4 fxe4 21.Nxe4 d5 22.h3 dxe4
23.hxg4 Nc5 24.Ne1 h5 25.gxh5 gxh5 26.Bd4 Kf7 27.Bf2 Rg8 28.b4 Na4 29.Rd4 Bxb4
30.Rxe4 Bd2 31.Rc2 Bxe1 32.Rxe1 h4 33.Kf3  1/2-1/2

[Event "Tilburg"]
[Site "Tilburg"]
[Date "1987.??.??"]
[Round "?"]
[White "Andersson, Ulf"]
[Black "Ljubojevic, Ljubomir"]
[Result "1/2-1/2"]
[WhiteElo "2600"]
[BlackElo "2625"]

1.c4 c5 2.Nf3 Nc6 3.Nc3 Nf6 4.g3 d5 5.cxd5 Nxd5 6.Bg2 g6 7.Nxd5 Qxd5 8.O-O Bg7
9.d3 O-O 10.Be3 Bd7 11.Nd4 Qd6 12.Nxc6 Bxc6 13.Bxc6 Qxc6 14.Rc1 Qe6 15.Rxc5 Qxa2
16.Rb5 Qa6 17.Qb3 b6 18.Rb4 Rfb8 19.Rc1 Rc8 20.Rbc4 Rxc4 21.Rxc4 Qa1+ 22.Bc1 Bh6  1/2-1/2